কবি মোজাম্মেল হক ও ফেরদৌসী-চরিত / (Record no. 40330)
[ view plain ]
| 000 -LEADER | |
|---|---|
| fixed length control field | 00959nam a2200241 a 4500 |
| 001 - CONTROL NUMBER | |
| control field | 40330 |
| 003 - CONTROL NUMBER IDENTIFIER | |
| rucl marc code | BD-RjUL |
| 005 - DATE AND TIME OF LATEST TRANSACTION | |
| control field | 20211209053208.0 |
| 008 - FIXED-LENGTH DATA ELEMENTS--GENERAL INFORMATION | |
| fixed length control field | 160428s1968 bg ||||| |||| 00| 0 ben d |
| 020 ## - INTERNATIONAL STANDARD BOOK NUMBER | |
| Terms of availability | : PRs.4.00 |
| 035 ## - SYSTEM CONTROL NUMBER | |
| System control number | (BD-RjUL)40445 |
| 040 ## - CATALOGING SOURCE | |
| Original cataloging agency | BD-RjUL |
| Language of cataloging | ben |
| Transcribing agency | BD-RjUL |
| 041 ## - LANGUAGE CODE | |
| Language code of text/sound track or separate title | ben |
| 082 ## - DEWEY DECIMAL CLASSIFICATION NUMBER | |
| Edition number | 23 |
| Classification number | 891.4409 |
| Author mark and year | KOB 1968 |
| 245 ## - TITLE STATEMENT | |
| Title | কবি মোজাম্মেল হক ও ফেরদৌসী-চরিত / |
| Statement of responsibility, etc. | গোলাম সাকলায়েন, সম্পাদিত |
| 250 ## - EDITION STATEMENT | |
| Edition statement | ১ম সং- |
| 260 ## - PUBLICATION, DISTRIBUTION, ETC. (IMPRINT) | |
| Place of publication, distribution, etc. | ঢাকা : |
| Name of publisher, distributor, etc. | নওরোজ কিতাবিস্তান, |
| Date of publication, distribution, etc. | ১৯৬৮ |
| 300 ## - PHYSICAL DESCRIPTION | |
| Pagination | ১৩১ পৃ. ; |
| Size | ২১ সেমি. |
| 650 ## - SUBJECT ADDED ENTRY--TOPICAL TERM | |
| Topical term or geographic name as entry element | বাংলা সাহিত্য |
| Form subdivision | ইতিহাস ও সমালোচনা |
| 9 (RLIN) | 117445 |
| Topical term or geographic name as entry element | Bengali literature |
| Form subdivision | History and Criticism |
| 9 (RLIN) | 123445 |
| 700 ## - ADDED ENTRY--PERSONAL NAME | |
| Personal name | সাকলায়েন, গোলাম |
| 942 ## - ADDED ENTRY ELEMENTS (KOHA) | |
| Source of classification or shelving scheme | Dewey Decimal Classification |
| Koha item type | Books |
| Lost status | Source of classification or shelving scheme | Damaged status | Not for loan | Collection code | Permanent Location | Current Location | Shelving location | Date acquired | Source of acquisition | Cost, normal purchase price | Total Checkouts | Full call number | Date last seen | Copy number | Koha item type |
|---|---|---|---|---|---|---|---|---|---|---|---|---|---|---|---|
| Dewey Decimal Classification | Non-fiction | Central Library, University of Rajshahi | Central Library, University of Rajshahi | 22/05/1973 | Islamia lib., Rajshahi. | 40.00 | B 891.4409 KOB 1968 | 28/04/2016 | C-2 | Books | |||||
| Dewey Decimal Classification | Non-fiction | Central Library, University of Rajshahi | Central Library, University of Rajshahi | 16/05/1970 | Nowrose | 4.00 | B 891.4409 KOB 1968 | 20/08/2016 | C-3 | Books | |||||
| Dewey Decimal Classification | Non-fiction | Central Library, University of Rajshahi | Central Library, University of Rajshahi | 22/05/1973 | Islamia lib., Rajshahi. | 40.00 | B 891.4409 KOB 1968 | 20/08/2016 | C-4 | Books | |||||
| Dewey Decimal Classification | Not For Loan | Non-fiction | Central Library, University of Rajshahi | Central Library, University of Rajshahi | Reading Room | 01/09/1973 | Nowroze kitobistan, Dhaka | 4.00 | B 891.4409 KOB 1968 | 01/01/2025 | C-1 | Books |